Homer Centers 7th Graders Names Quiz Stats

 Plays Quiz not verified by Sporcle

Challenge
Share
Tweet
Embed
Score 0/25 Timer 10:00
0 Plays Today
% Correct
emily
95%
emily
95%
ryan
94.7%
Gavin
92.5%
matt
92.5%
Matt
92.5%
holly
92.5%
Tayla
92.5%
Logan
92.5%
Shelby
92.5%
Mary
92.1%
Isaac
90%
chris
90%
% Correct
zach
90%
scott
90%
savannah
90%
kimber
90%
sarah
90%
kaylie
87.5%
Nick
86.8%
Kaylee
85%
Mr. Versace
82.5%
Jason
81.6%
75%
Mrs. Pribicko
7.1%

You're not logged in!

Compare scores with friends on all Sporcle quizzes.
OR
Log In

You Might Also Like...

Show Comments

Extras

Created Mar 19, 2013ReportNominate
Tags:7th, center, child, grader, homer

Top Quizzes Today


Score Distribution

Your Account Isn't Verified!

In order to create a playlist on Sporcle, you need to verify the email address you used during registration. Go to your Sporcle Settings to finish the process.

Report this User

Report this user for behavior that violates our Community Guidelines.

Details: